| 000 | 00735nam a2200217Ii 4500 | ||
|---|---|---|---|
| 003 | JO-AjNU | ||
| 008 | 230605s9999||||xx |||||||||||||| ||und|| | ||
| 017 | _a2000/8/2399 | ||
| 040 |
_aJO-AjNU _bara _erda _cJO-AjNU |
||
| 041 | _aara | ||
| 050 | 1 | 4 | _aBP172.A2882 2000 |
| 100 | 3 |
_aإعداد: أبو شمالة، مجدي عقيل, _eauthor _914946 |
|
| 245 | 0 | 0 | _aرسالة المسلمين في بلاد الغرب |
| 264 | 3 | 1 | _aاربد: دار الامل، 2000 |
| 300 | _a301ص | ||
| 336 |
_atext _btxt _2rdacontent |
||
| 337 |
_aunmediated _bn _2rdamedia |
||
| 338 |
_avolume _bnc _2rdacarrier |
||
| 490 | 0 | _aسلسلة ذخائر الجمعية | |
| 650 | 4 |
_aالاسلام والغرب- الدعوة الاسلامية _914947 |
|
| 999 |
_aA4107 _c7675 _d7675 |
||